Čerta ti naháňam! po premiére v Divadle SNP v Martine

Bibliographic Details
Main Author: Podmaková, Dagmar, 1953- (Author)
Format: Article
Language:Slovak
PhysicalDescription:Fotogr.
ISSN:0862-5999
Subjects:

MARC

LEADER 00000nab a2200000 a 4500
001 vtls000684804
003 SK-MaSNL
005 20260303194448.0
008 140422c1998 xo 0 slo
015 |a SNBRB1999/01-06395 
035 |a CLN000036971 
040 |a SNKBUCL  |b slo  |c SNKBUCL  |e AACR2 
041 0 |a slo 
044 |a xo  |c SK 
080 |a 792.2  |2 1997 
100 1 |a Podmaková, Dagmar,  |d 1953-  |4 aut  |9 102787 
245 1 0 |a Čerta ti naháňam!  |b po premiére v Divadle SNP v Martine  |c Dagmar Podmaková 
300 |b Fotogr. 
500 |a Recenzia divadelnej hry je úpravou hry Na posiedke s čertom / Jan Drda 
600 1 7 |a Mankovecký, Róbert,  |d 1965-  |t Čerta ti naháňam!  |2 snkbucl  |9 1226657 
610 2 7 |a Divadlo Slovenského národného povstania  |2 snkbucl  |9 232430 
650 0 7 |a činohry  |2 snkbucl  |9 3325 
650 0 7 |a divadelné inscenácie  |2 snkbucl  |9 3326 
655 7 |a recenzie  |2 snkbucl  |9 21907 
655 7 |a články z novín a časopisov  |2 snkbucl  |9 267496 
773 0 |t Literárny týždenník  |g Roč. 11, č. 51-52 (1998), s. 22  |x 0862-5999 
850 |a Slovenská národná knižnica v Martine 
852 |a SNK  |b KIS3GCP 
992 |a RBX 
999 |c 2157635  |d 2159565